Romance da raposa (Registo nº 4482)

Detalhes MARC
000 -Etiqueta do registo
Cabeçalho 00675nam0a2200229 4500
005 - Identificador da versão
Campo de controlo 20240813122103.0
100 ## - Dados gerais de processamento
Dados gerais de processamento 20190408d1978 a y0pory5003 ba
102 ## - Pais de publicação ou produção
País de publicação Portugal
101 0# - Língua de publicação
Língua do texto, banda sonora, etc. Português
215 ## - Descrição física 
Indicação específica da natureza do documento e extensão da espécie 175, [1] p
200 0# - Titulo e menção de responsabilidade
Título próprio Romance da raposa
Primeira menção de responsabilidade Aquilino Ribeiro
Outras menções de responsabilidade il. de Benjamim Rabier
210 ## - Publicação, Distribuição, etc. 
Lugar da edição, distribuição, etc. Amadora
Nome do editor, distribuidor, etc. Bertrand
Data da publicação, distribuição, etc. cop. 1961
Data da impressão imp. 1978
300 ## - Notas gerais 
Texto da nota PNL
606 ## - Nome comum usado como assunto
Número de registo de entrada de autoridade 0001981
Palavra de ordem Literatura portuguesa
Subdivisão de assunto Romance
Código do sistema CA
675 ## - Classificação Decimal Universal (CDU)
Notação 821.134.3-31
Edição 3ª ed.
Língua da edição por
702 #1 - Nome de autor-pessoa física (responsabilidade secundária)
Número de registo de entrada de autoridade 0002114
Palavra de ordem Rabier
Outra parte do nome não tomada para palavra de ordem Benjamim
Datas 1864-1939
Código de função Ilustrador / Técnico de desenho computorizado
700 #1 - Nome de autor-pessoa física (responsabilidade principal)
Número de registo de entrada de autoridade 0002113
Palavra de ordem Ribeiro
Outra parte do nome não tomada para palavra de ordem Aquilino
Datas 1885-1963
966 ## - Identificação da Biblioteca
Sigla EBVEN
942 ## - Elementos de entrada adicionados (Koha)
Tipo de item no Koha Livro
Exemplares
Situação do levantamento Origin of item (home branch) (coded) Biblioteca de empréstimo Código de barras Cota Circulation type (not for loan) Tipo de documento Nota do exemplar Damaged status
  Biblioteca Escolar das Vendas Biblioteca Escolar das Vendas BEV431 8POR RIB PNL   Livro Sem mensagem  
  Biblioteca Escolar das Vendas Biblioteca Escolar das Vendas BEV430 8POR RIB PNL   Livro Sem mensagem